Normal view
MARC view
Entry Personal Name
001 - CONTROL NUMBER
- control field: 36775
003 - CONTROL NUMBER IDENTIFIER
- control field: OSt
005 - DATE AND TIME OF LATEST TRANSACTION
- control field: 20160203171713.0
008 - FIXED-LENGTH DATA ELEMENTS
- fixed length control field: 160203|| aca||aabn | a|a d
040 ## - CATALOGING SOURCE
- Original cataloging agency: OSt
- Transcribing agency: OSt
100 ## - HEADING--PERSONAL NAME
- Personal name: जयप्रकाश
670 ## - SOURCE DATA FOUND
- Source citation: Work cat.: (OSt): जयप्रकाश, समय का चेहरा, 2011









